Central Library OPAC University of Rajshahi

Fifty centuries of art / (Record no. 76655)

MARC details
000 -LEADER
fixed length control field 00860cam a22002891 4500
001 - CONTROL NUMBER
control field 76655
003 - CONTROL NUMBER IDENTIFIER
rucl marc code BD-RjUL
005 - DATE AND TIME OF LATEST TRANSACTION
control field 20211209082853.0
008 - FIXED-LENGTH DATA ELEMENTS--GENERAL INFORMATION
fixed length control field 191230s1954 nyua 000 0 eng
035 ## - SYSTEM CONTROL NUMBER
System control number (BD-RjUL)76879
System control number (OCoLC)511197
040 ## - CATALOGING SOURCE
Original cataloging agency DLC
Transcribing agency ODaWU
Modifying agency OCoLC
-- Uk
-- DLC
Language of cataloging eng
041 ## - LANGUAGE CODE
Language code of text/sound track or separate title eng
042 ## - AUTHENTICATION CODE
Authentication code premarc
082 ## - DEWEY DECIMAL CLASSIFICATION NUMBER
Classification number 759
Edition number 23
Author mark and year TAF 1954
100 1# - MAIN ENTRY--PERSONAL NAME
Personal name Taylor, Francis Henry,
Dates associated with a name 1903-1957.
9 (RLIN) 237172
245 10 - TITLE STATEMENT
Title Fifty centuries of art /
Statement of responsibility, etc. Francis Henry Taylor,
250 ## - EDITION STATEMENT
Edition statement [1st ed.]
260 ## - PUBLICATION, DISTRIBUTION, ETC. (IMPRINT)
Place of publication, distribution, etc. New York :
Name of publisher, distributor, etc. Published for the Metropolitan Museum of Art by Harper ,
Date of publication, distribution, etc. [1954]
300 ## - PHYSICAL DESCRIPTION
Pagination vii, 183 p. :
Illustrations col. illus.;
Size 29 cm.
650 #0 - SUBJECT ADDED ENTRY--TOPICAL TERM
Topical term or geographic name as entry element Art
General subdivision History.
9 (RLIN) 237173
906 ## - LOCAL DATA ELEMENT F, LDF (RLIN)
a 7
b cbc
c oclcrpl
d u
e ncip
f 19
g y-gencatlg
942 ## - ADDED ENTRY ELEMENTS (KOHA)
Source of classification or shelving scheme Dewey Decimal Classification
Koha item type Books
Holdings
Lost status Source of classification or shelving scheme Damaged status Not for loan Collection code Permanent Location Current Location Shelving location Date acquired Source of acquisition Cost, normal purchase price Total Checkouts Full call number Date last seen Copy number Koha item type
  Dewey Decimal Classification   Not For Loan Non-fiction Central Library, University of Rajshahi Central Library, University of Rajshahi Reading Room 08/06/1955 Alies book coner , karachi 10.00   759 TAF 1954 30/12/2019 C-1 Books